<?xml version="1.0" encoding="UTF-8"?>
<marc:record xmlns:marc="http://www.loc.gov/MARC21/slim">
   <marc:leader>00000nam a2200000 a 4500</marc:leader>
   <marc:datafield ind1="1" ind2=" " tag="100">
      <marc:subfield code="a">Jelden, Carolin</marc:subfield>
      <marc:subfield code="4">aut</marc:subfield>
      <marc:subfield code="e">Verfasser/-in</marc:subfield>
   </marc:datafield>
   <marc:datafield ind1=" " ind2=" " tag="653">
      <marc:subfield code="a">Abenteuer</marc:subfield>
   </marc:datafield>
   <marc:datafield ind1="0" ind2="0" tag="245">
      <marc:subfield code="a">Die Krakeninsel</marc:subfield>
   </marc:datafield>
   <marc:datafield ind1="0" ind2="0" tag="245">
      <marc:subfield code="b">Piraten in Sicht</marc:subfield>
   </marc:datafield>
   <marc:datafield ind1=" " ind2="1" tag="264">
      <marc:subfield code="b">Oetinger</marc:subfield>
      <marc:subfield code="c">2025</marc:subfield>
   </marc:datafield>
   <marc:datafield ind1="1" ind2=" " tag="520">
      <marc:subfield code="a">Die Krakeninsel ist ein Ort voller Gehiemnisse und Gefahren. Im Dschungel lauern wilde Tiere, in Ruinen spuken Geister und im Hafen legen immer wieder Piraten an, um an Land zu gehen. Aber Piraten an Land machen genauso viel Ärger wie auf See! Da ist es gut, wenn man Freunde hat, auf die man sich verlassen kann.  Freunde wie Henry, Gecko, Emma und Lou. Als Lous Familie in Not gerät, halten die vier zusammen und machen sich auf die Suche nach einem wertvollen SChatz. Er soll hinter einem Wasserfall verstekct sein, weit weg von der Küste und von allem , was sie kennen. Ein gefährliches Abenteuer nimmt seinen Lauf....</marc:subfield>
   </marc:datafield>
</marc:record>
